000 01048nam a22003131 4500
001 143770
003 SpMaBN
005 20250804054032.0
008 981210s1959 sp spa
016 7 _abimoBNE20000214298
_zIND9800834534
_2SpMaBN
017 _aB 22166-1958
_bOficina Depósito Legal Barcelona
035 _a(OCoLC)432730943
040 _aSpMaBN
_bspa
_cCDM
_dES-MaACL
080 _a248.1
100 _aSheen, Fulton J.
_d1895-1979
_0XX820391
_9227301
245 1 0 _aReflexiones para la vida diaria /
_cFulton J. Sheen ; [traducción del inglés por J. Romero de Tejada]
250 _a1ª ed.
260 _aBarcelona :
_bPlaneta ;
_b[Diamante,
_c1959]
300 _a227 p. ;
_c21 cm
490 0 _aColección "Razón y Fé"
650 7 _aVida cristiana
_2embne
_917790
700 1 1 _aRomero de Tejada, J.
_999376
830 _aRazón y fe
_9187282
852 _aES-MaACL
_b R.40248
_cSPAL
_jC-12195
_9148962
942 _2udc
_cMONOGRAFIA
999 _c143770
_d143770